Logo BPK

Biblioteka

Politechniki Koszalińskiej

Microcomputer, hardware, projects : (Rekord nr 23433)

Szczegóły MARC
000 -ETYKIETA REKORDU
podpole kontrolne o stałej długości 00588nam a2200205 i 4500
001 - NUMER KONTROLNY REKORDU
pole kontrolne bg
020 ## - MIĘDZYNARODOWY ZNORMALIZOWANY NUMER KSIĄŻKI - ISBN
ISBN 0905104641
040 ## - ŹRÓDŁO KATALOGOWANIA
Instytucja, która utworzyła rekord BPK
041 ## - KOD JĘZYKA
Kod języka tekstu pol
080 ## - UNIWERSALNA KLASYFIKACJA DZIESIĘTNA - UKD
UKD 004
920 ## - Międzynarodowy znormalizowany numer książki – ISBN
ISBN 0-905104-64-1
008 - POLE O STAŁEJ DŁUGOŚCI - DANE KONTROLNE
podpole kontrolne o stałej długości s pl f |000 0 pol
100 1# - NAZWA OSOBOWA
Nazwa osobowa GRAHAM, Natasha
245 #0 - TYTUŁ/ODPOWIEDZIALNOŚĆ
Tytuł Microcomputer, hardware, projects :
Ciąg dalszy tytułu Sinclair Spectrum and ZX81 add-on units /
Pozostałe elementy strefy tytułu i oznaczenia odpowiedzialności Natasha Graham, Michael Roberts.
260 ## - STREFA ADRESU WYDAWNICZEGO
Miejsce wydania Cheshire :
Nazwa wydawcy/dystrybutora Sigma Technical Press,
Data publikacji, dystrybucji/powstania dokumentu 1983.
300 ## - STREFA OPISU FIZYCZNEGO
Objętość VI, 100 s. :
Inne cechy fizyczne il., rys., ;
Rozmiary 22 cm.
650 #9 - HASŁO PRZEDMIOTOWE W FORMIE NAZWY OGÓLNEJ LUB JEDNOSTKOWEJ
Nazwa ogólna lub geograficzna Komputery
700 1# - HASŁO DODATKOWE - NAZWA OSOBOWA
Nazwa osobowa ROBERTS, Michael
856 ## - LOKALIZACJA I DOSTĘP DO ELEKTRONICZNYCH DOKUMENTÓW ZDALNYCH
Link (URL) http://koha.tu.koszalin.pl/cgi-bin/koha/opac-detail.pl?biblionumber=23433
Tekst linku Katalog online BPK
942 ## - DODATKOWE ELEMENTY (KOHA)
Typ dokumentu Książka
Egzemplarze
Wycofany Status egzemplarza Uszkodzony Dostępność Lokalizacja stała Lokalizacja bieżąca Miejsce przechowywania Sygnatura Kod kreskowy Typ dokumentu
      Dostępny Biblioteka Politechniki Koszalińskiej Biblioteka Politechniki Koszalińskiej Wypożyczalnia BG 33533 02059983 Książka
© 2023 Biblioteka Politechniki Koszalińskiej :: KOHA